Stone Design /

Colección que, integrada por números monográficos, se dedica a difundir las manifestaciones más recientes del diseño en su concepción más amplia, es decir, industrial, gráfico, arquitectónico, de interiores, etc. Aborda por igual materiales diversos que espacios distintos o desarrollos nacionales de...

Full description

Saved in:
Bibliographic Details
Main Author: Fajardo, Julio (edición)
Format: Book
Language:English
Published: Colonia, Alemania : Daab, 2007, c2007
Series:(Design Books)
Subjects:
Tags: Add Tag
No Tags, Be the first to tag this record!

MARC

LEADER 00000nam^a2200000^a^4500
001 000297275
005 20250521000000.0
009 20260310112333.781
020 |a 978-3-937718-66-8 
037 |a Acervo ITESO - Biblioteca 
041 |a ING 
082 |a 709. 05  |b DES V. 8 
100 |a Fajardo, Julio  |e (edición) 
245 1 0 |a Stone Design /  |c Ed. y texto de J. Fajardo, A. Müller-Schöll ; tr. por Conxi Papió... [et al.]. 
264 4 |a Colonia, Alemania :  |b Daab,  |c 2007, c2007 
300 |a 382 p. 
336 |a texto  |b txt  |2 rdacontenido 
337 |a sin mediación  |b n  |2 rdamedio 
338 |a volumen  |b nc  |2 rdasoporte 
440 1 |a (Design Books) 
520 |a Colección que, integrada por números monográficos, se dedica a difundir las manifestaciones más recientes del diseño en su concepción más amplia, es decir, industrial, gráfico, arquitectónico, de interiores, etc. Aborda por igual materiales diversos que espacios distintos o desarrollos nacionales del campo. 
546 |a Edición multilingüe 
649 |a XX 
650 |a Piedras -  |x Tema Principal 
650 |a Materiales de Construcción 
650 |a Diseño Arquitectónico 
650 |a Arquitectura -  |y 2000-2009 -  |x Tema Principal 
650 |a Arquitectura -  |y Siglo XXI -  |x Tema Principal 
650 |a Arquitectura -  |x Historia y Crítica 
650 |a Arte -  |y 2000-2009 
650 |a Arte -  |y Siglo XXI 
650 |a Arte -  |x Historia y Crítica 
910 |a Fondo General 
920 |a Impresos - Libros 
930 |a Reserva Especial 
905 |a 103 
901 |a 0500183191  |b IT1  |c REE  |i C120554  |u 20250521 
902 |a https://opac.biblio.iteso.mx/vufind/Record/000297275